00296nam a2200097Ia 4500008004100000245002700041245003900068260000900107650001600116856006600132160523s9999 xx 000 0 und d aEducational Psychology cRosemary Sutton and Kelvin Seifert c2011 xPsychology. uhttp://www.oercommons.org/courses/educational-psychology/view